00561cam a22001932 4500001001100000005001700011008004100028020001700069040001500086050002200101100003000123245007400153250001200227260003400239300001800273650003900291700003400330852000300364000001915720151217152147.0101018s xx 000 0 eng d a007127619x : aKABUcKABU 0aHG3881b.E96 20091 aEun, Cheol S.@000015492710aInternational financial management /cCheol S. Eun, Bruce G. Resnick. a5th ed. aBoston :bMcGraw-Hill,c2009. axxiii, 533 p. 0aInternational finance.@00001499751 aResnick, Bruce G.@00001549281